| 000 | 00719nam a2200229 u 4500 | ||
|---|---|---|---|
| 001 | 000046611 | ||
| 005 | 20260116105540.0 | ||
| 008 | 170126s2009 sp r 000 0 eng d | ||
| 020 | _a9788466322614 | ||
| 040 |
_aDO-SdBNP _bspa _cBNPHU |
||
| 082 |
_a158.1 _bP984b |
||
| 100 | 1 |
_aPunset, Elsa _974612 |
|
| 245 | 1 | 0 |
_aBrújula para navegantes emocionales / _cElsa Punset. |
| 260 |
_aMadrid : _bSantillana Ediciones Generales, _c2009. |
||
| 300 |
_a263 p. ; _c21 cm. |
||
| 490 | 1 |
_aPunto de lectura _v326/1 |
|
| 500 | _aIncluye datos biográficos del autor | ||
| 650 | 0 |
_aEmociones _9156 |
|
| 650 | 0 |
_aPsicología aplicada _91579 |
|
| 650 | 4 |
_aInteligencia emocional _974613 |
|
| 830 | 0 |
_aPunto de lectura _v326/1 _93047 |
|
| 999 |
_c46100 _d46100 |
||